书目信息 |
| 题名: |
混沌生物学
|
|
| 作者: | 张建树 , 菅忠 , 于学文 编著 | |
| 分册: | ||
| 出版信息: | 北京 科学出版社 2006.01 |
|
| 页数: | 212页 | |
| 开本: | 24cm | |
| 丛书名: | 生命科学交叉研究丛书 | |
| 单 册: | ||
| 中图分类: | Q61 | |
| 科图分类: | ||
| 主题词: | 混沌学--hun dun xue--生物学 | |
| 电子资源: | ||
| ISBN: | 7-03-016109-2 | |
| 000 | 01156nam 2200277 450 | |
| 001 | 012006778015 | |
| 005 | 20060630110026.23 | |
| 010 | @a7-03-016109-2@dCNY39.00 | |
| 100 | @a20060602d2006 km y0chiy0120 ea | |
| 101 | 0 | @achi |
| 102 | @aCN@b110000 | |
| 105 | @aa z 000yy | |
| 200 | 1 | @a混沌生物学@Ahun dun sheng wu xue@f张建树, 菅忠, 于学文编著@Fzhang jian shu,jian zhong,yu xue wen bian zhu |
| 205 | @a第2版 | |
| 210 | @a北京@c科学出版社@d2006.01 | |
| 215 | @a212页@c图@d24cm | |
| 225 | 2 | @a生命科学交叉研究丛书@Asheng ming ke xue jiao cha yan jiu cong shu |
| 330 | @a本书从生态学中最简单的虫口模型谈起,深入浅出地介绍了在生命科学中通向混沌的倍周期分岔、阵发混沌和准周期道路,以及混沌基本特征、判别和解析分析方法,特别介绍了在生态学、生物化学、分子生物学、流行病学及生物学相关领域的研究成果及应用,并对混沌控制的机制和方法及在生物学中的意义进行了描述。 | |
| 410 | 0 | @12001 @a生命科学交叉研究丛书 |
| 606 | 0 | @a混沌学@Ahun dun xue@x生物学 |
| 690 | @aQ61@v4 | |
| 701 | 0 | @a张建树@Azhang jian shu@4编著 |
| 701 | 0 | @a菅忠@Ajian zhong@4编著 |
| 701 | 0 | @a于学文@Ayu xue wen@4编著 |
| 801 | 0 | @aCN@bQSSK@c20060630 |
| 905 | @a10447@dQ61@eZ126 | |
| 混沌生物学/张建树, 菅忠, 于学文编著.-第2版.-北京:科学出版社,2006.01 |
| 212页:图;24cm.-(生命科学交叉研究丛书) |
| ISBN 7-03-016109-2:CNY39.00 |
| 本书从生态学中最简单的虫口模型谈起,深入浅出地介绍了在生命科学中通向混沌的倍周期分岔、阵发混沌和准周期道路,以及混沌基本特征、判别和解析分析方法,特别介绍了在生态学、生物化学、分子生物学、流行病学及生物学相关领域的研究成果及应用,并对混沌控制的机制和方法及在生物学中的意义进行了描述。 |
| ● |
| 相关链接 |
|
|
|
正题名:混沌生物学
索取号:Q61/Z126
 
预约/预借
| 序号 | 登录号 | 条形码 | 馆藏地/架位号 | 状态 | 备注 |
| 1 | 581148 | 205811488 | 自科库401/401自科库 30排2列4层/ [索取号:Q61/Z126] | 在馆 | |
| 2 | 581149 | 205811497 | 自科库401/401自科库 30排2列4层/ [索取号:Q61/Z126] | 在馆 | |
| 3 | 581150 | 205811503 | 自科库401/401自科库 30排2列4层/ [索取号:Q61/Z126] | 在馆 |